000 00404nam a22001697a 4500
003 MPLRDC
005 20220104113631.0
008 210129b ||||| |||| 00| 0 eng d
082 _a857.621 NK-6 v.5
100 _a倪匡
245 _a连环毒计
_c
260 _a
_b明窗出版社
_c
300 _b
490 _a卫斯理科幻系列. 5
650 _a科幻小说
942 _cBK
_o857.621 NK-6 v.5
999 _c1159
_d1149